| 000 | 00916nam a2200277 i 4500 | ||
|---|---|---|---|
| 001 | 9133 | ||
| 003 | ES-MaACL | ||
| 005 | 20230906145619.0 | ||
| 007 | t| | ||
| 008 | 930519s1991 sp ||||1| por d | ||
| 020 | _a84-00-07127-1 | ||
| 080 | _a869.0(81)-311.1 "19" | ||
| 080 | _a869.0(81)(Cardoso, L. 7C.01) | ||
| 100 | 1 |
_aCardoso, Lúcio. _935203 |
|
| 245 | 1 | 0 |
_aCrônica da casa assassinada / _cLúcio Cardoso ; ediçâo crítica, Mario Carelli, coordenador. |
| 250 | _a[1ª ed.]. | ||
| 260 |
_aEspaña : _bArchivos, CSIC, _c1991. |
||
| 300 |
_aXXXVII, 810 p. : _bretr. autor ; _c24 cm. |
||
| 490 | 1 |
_aColección Archivos ; _v18 |
|
| 500 | _aBibliograf.: p. 793-810. | ||
| 700 | 1 |
_aCarelli, Mario. _935228 |
|
| 710 | 2 |
_aConsejo Superior de Investigaciones Científicas (España) _93236 |
|
| 830 | 0 |
_aColección Archivos ; _v18 _9178295 |
|
| 852 |
_aES-MaACL _jL-16638 _bR.120810 |
||
| 999 |
_c9133 _d9133 |
||